MDQL
is popping MORE tags! Check the
thread
!
Quizzes
Events
Quiz Creation
Community
Videos
Private Events
Remove Ads
Sign In
Join for FREE
Feedback
Dark Mode
Quiz Categories
Sports
Geography
Music
Movies
Television
Just For Fun
Miscellaneous
History
Literature
Language
Science
Gaming
Entertainment
Religion
Holiday
For Kids
Quiz Lab
Recent
Popular Today
Quiz Kudos Today
Editor Picks
Curator Picks
Quizzes by...
Day
Popularity
Type
Ratings
Length
Year
Community
Subscriptions
Recent Discussions
Orange Saloon
Badges
Playlists
Quests
Create
Leaderboards
Showdown
Live 5
Trivia Bingo
Activity
Puzzle Library
Sporcle Events
Private Events
Virtual Trivia
Globe League
Become a Host
Pub Owners
SporcleCon
Opinionation
Our Games
Videos
Blog
Mobile Apps
Partnerships
Remove Ads and Go Orange
Feedback
Movies
Disney
Marvel Cinematic Universe
Movie Resume
Movie Titles
Oscar
Actor
Actress
Director
Pixar
Role
Movie Quotes
Movie Characters
Box Office
Nominee
Best Picture
Star Wars
James Bond
Horror Movies
Movies
Disney
Marvel Cinematic Universe
Movie Resume
Movie Titles
Oscar
Actor
Actress
Director
Pixar
Role
Movie Quotes
Movie Characters
Box Office
Nominee
Best Picture
Star Wars
James Bond
Horror Movies
Random Quiz
Search Sporcle
×
Quiz Lab
Quiz Lab
Movies
Song
Type in answers that appear in a list
Type in answers that appear in a list
Classic
Best Score? Go Orange.
Movies From Their Song Stats
Can you name the Movies From Their Songs(clips)?
By
Stacie23
7m
21 Questions
405 Plays
405 Plays
405 Plays
Comments
Comments
Give Quiz Kudos
Give Quiz Kudos
-
- Ratings
hide this ad
More Info
Replay
Link that replays current quiz
Next Quiz
Link to next quiz in quiz playlist
You Got
0%
They Got
Avg Score
61%
Avg Friend Score
Upgrade to see
Score Distribution
Jump to the score distribution portion of the page
Score
0/21
Timer
07:00
0
Plays Today
Clip Range
Movie
% Correct
0:44-
0:52
Dirty Dancing
90.4%
3:00-
3:10
Rocky III
88.1%
2:03-
2:11
Mary Poppins
86.2%
0:00-
0:08
Breakfast Club
82.7%
2:43-
2:51
Austin Powers Man Of Mystery
81%
1:42-
1:51
Ghost
73.6%
0:53-
1:02
The Graduate
72.8%
2:21-
2:31
Wayne's World
69.1%
1:12-
1:21
Flashdance
67.7%
2:12-
2:20
Top Gun
67.7%
0:09-
0:16
Pulp Fiction
65.9%
Clip Range
Movie
% Correct
0:17-
0:25
Ferris Bueller's Day Off
64.7%
1:22-
1:32
Slumdog Millionaire
63.5%
2:52-
3:00
Back To The Future
55.8%
0:35-
0:43
Beetlejuice
51.4%
2:32-
2:42
Footloose
47.9%
3:11-
3:21
An Officer And A Gentleman
35.3%
1:33-
1:41
National Lampoon's Vacation
34.6%
0:26-
0:34
Evita
31.6%
1:03-
1:11
Pretty Woman
29.9%
1:52-
2:02
Say Anything
26.4%
Quiz Playlist
Details
Report
Send in Message
Add To Playlist
More Info:
Many popular movies have very popular songs. Can You name the movie from it's song? These songs appeared in the movie.
Classic:
Type in answers that appear in a list
Last Updated: Feb 16, 2017
Quiz Scoreboard
CHALLENGE
Sign Up to Join the Scoreboard
Show All
Scores
Hide
Comments
May contain spoilers
Recently Published
1-10 Letter E Words III
by El_Dandy
Language
2m
Street Fighter Characters
by Artimus82
Gaming
60s
College Basketball Coaching Resumes
by pancakes188
Sports
9m
More to Explore
Quiz From the Vault
Featured Blog Post
Where Did the Easter Bunny Come From?
hide this ad
You Might Also Like...
Tags
Clip Quiz
Song Quiz
Audio Quiz
range
Today's Top Quizzes in Movies
Browse Movies
hide this ad
Today's Top Quizzes in Song
Browse Song
Top Contributed Quizzes in Movies
1
Pick 5 Posters: Directed by Spielberg
2
7-to-1: Pixar Characters
3
Hidden Star Wars Character II
4
Hidden Star Wars Character III
5
Pick 5 Posters: Lowest-Rated Spielberg
6
Hidden Star Wars Character IV
7
Sorting Actresses
8
Sorting Actors
9
Hidden Star Wars Character V
10
Pick 5 Posters: Directed by Scorsese
Explore More
Trending Topics
Disney
Crossword
Marvel
Harry Potter
NBA
Anime
Kpop
Soccer
Song
Puzzle
The Office
Pokémon
Country
NFL
WWE
hide this ad
More By:
Stacie23
Quiz
Plays
Rating
Category
Featured
Created
Beverly Hills 90210 Trivia
4,143
2.33
Television
Apr 10, 2010
American Idol Contestants(clips)
743
4.25
Television
Apr 18, 2010
American Idol Contestants By Voice 2
596
4.30
Television
May 2, 2010
Movies From Their Song
405
3.67
Movies
May 25, 2010
Go to Creator's Profile
Score Distribution
Quiz Creator Spotlight
Stacie23
Follow
Send a Message
Quizzes Created
-
Created Quiz Play Count
-
More By This Creator
Popular Quizzes Today
1
Find the US States - No Outlines Minefield
2
Find the Countries of Europe - No Outlines Minefield
3
The Countries of the World
4
Find the US States
5
Risky Map Clicking: Biggest States A-Z
6
US States
7
Popular People in 1961
8
Movies - When Are They Set?
More Movies Quizzes
Directors Through Three Decades of the 21st Century
Quiz Lab
Trending Quizzes
Risky Map Clicking: Least Populous States A-Z
1-10 Letter G Words
1-10 Letter F Words
Countries of the World: 200 Million BC
Risky Map Clicking: Next State Alphabetically
Recently Updated
Beyoncé Albums
pecheneg
Leaping Animals
pecheneg
Reality TV Shows (A-Z)
bhenderson79
Rickey Henderson's Hall of Fame Teammates
pecheneg
Champions League XIs: Arsenal
pecheneg
Quick Pick: Celebrities in WWE's Hall of Fame
aduchscher
A-Z Keypad Blitz II
pecheneg
Multiple Oscar Actors
pecheneg
Mystery Phrase Blitz: Oscar 'Best Actors'
pecheneg
F. Scott Fitzgerald Novels
LTH
Trending Topics
Disney
NBA
Harry Potter
Marvel
Anime
Crossword
Kpop
Pokémon
Country
Song
Soccer
NFL
WWE
Puzzle
The Office
Your Account Isn't Verified!
In order to create a playlist on Sporcle, you need to verify the email address you used during registration. Go to your
Sporcle Settings
to finish the process.
Report this User
Report this user for behavior that violates our
Community Guidelines
.
Details:
Send Report
Go to the Sporcle.com Mobile Site →
Comments